|
|
|
|
| LEADER |
02182nam a2200541 a 4500 |
| 001 |
000749600 |
| 003 |
CZ BrMZK |
| 005 |
20090522141838.0 |
| 007 |
ta |
| 008 |
041112s2004 xr a erc 000 0 cze d |
| 020 |
|
|
|a 80-86124-46-0
|q (ARÚ :
|q brož.)
|
| 020 |
|
|
|a 80-86204-12-X
|q (SPS :
|q brož.)
|
| 040 |
|
|
|a BOA001
|b cze
|
| 041 |
0 |
|
|a cze
|b ger
|
| 043 |
|
|
|a e-xr---
|b e-xr-st
|b e-xr-pl
|2 czenas
|
| 072 |
|
7 |
|a 902
|x Archeologie
|2 Konspekt
|9 8
|
| 080 |
|
|
|a 902.2
|2 MRF
|
| 080 |
|
|
|a 902:904
|2 MRF
|
| 080 |
|
|
|a 904:7.025.21
|2 MRF
|
| 080 |
|
|
|a 7.025.21
|2 MRF
|
| 080 |
|
|
|a 728.81
|2 MRF
|
| 080 |
|
|
|a (437.312)
|2 MRF
|
| 080 |
|
|
|a (437.317)
|2 MRF
|
| 080 |
|
|
|a (083.81)
|2 MRF
|
| 100 |
1 |
|
|a Durdík, Tomáš,
|d 1951-2012
|7 jn19981000803
|4 aut
|
| 245 |
1 |
0 |
|a Nálezy z hradů přechodného typu (Hlavačov, Angerbach, Tachov) =
|b Funde aus der Burgen des Übergangstyps (Hlavačov, Angerbach, Tachov) /
|c Tomáš Durdík
|
| 246 |
3 |
1 |
|a Funde aus der Burgen des Übergangstyps (Hlavačov, Angerbach, Tachov)
|
| 260 |
|
|
|a Praha :
|b Archeologický ústav AV ČR a Společnost přátel starožitností ve spolupráci s Muzeem T.G.M. Rakovník v nakladatelství UNICORNIS,
|c 2004
|
| 300 |
|
|
|a 339 s. :
|b il. ;
|c 30 cm
|
| 490 |
1 |
|
|a Castellologica bohemica fontes ;
|v 1
|
| 504 |
|
|
|a Obsahuje bibliografii
|
| 546 |
|
|
|a Německé resumé
|
| 650 |
0 |
7 |
|a archeologické nálezy
|7 ph137683
|z Česko
|2 czenas
|
| 650 |
0 |
7 |
|a archeologické výzkumy
|7 ph118577
|z Česko
|2 czenas
|
| 650 |
0 |
7 |
|a zaniklé památky
|7 ph127540
|z Česko
|2 czenas
|
| 650 |
0 |
7 |
|a zříceniny
|7 ph127767
|z Česko
|2 czenas
|
| 650 |
0 |
7 |
|a hrady
|7 ph120854
|z Česko
|2 czenas
|
| 655 |
|
7 |
|a katalogy
|7 fd132535
|2 czenas
|
| 610 |
2 |
7 |
|a Hlavačov (hrad)
|7 mzk2005266635
|2 czenas
|
| 610 |
2 |
7 |
|a Týřov (hrad)
|7 kn20020502012
|2 czenas
|
| 610 |
2 |
7 |
|a Tachov (hrad a zámek)
|7 mzk2005266620
|2 czenas
|
| 651 |
|
7 |
|a Rakovník (Česko : oblast)
|7 ge130618
|2 czenas
|
| 651 |
|
7 |
|a Tachov (Česko : oblast)
|7 ge131034
|2 czenas
|
| 830 |
|
0 |
|a Castellologica bohemica fontes
|
| 910 |
|
|
|a BOA001
|b 4-1143.560
|
| 990 |
|
|
|a BK
|
| 991 |
|
|
|b 200501
|c NOV
|
| 996 |
6 |
|
|b 2610233792
|c 4-1143.560
|l MZK
|r Sklad / do 1 hodiny
|n 3
|p p.v.
|w 000749600
|u 000010
|a 1
|e BOA001
|j MZK50
|s P
|